Statistics for Name a Four Letter Word A-Z

Click here to take the quiz!

General Stats

  • This quiz has been taken 96,502 times
  • The average score is 21 of 26

Answer Stats

# PossibleWords% Correct
B262been, back, both + more
98%
C237came, come, care + more
97%
D239down, done, days + more
97%
F195from, face, find + more
96%
H191have, here, hand + more
96%
G195good, give, gave + more
94%
L215like, life, last + more
94%
M220more, made, must + more
94%
A196away, also, arms + more
91%
N108name, next, near + more
91%
P267part, poor, past + more
91%
J89just, john, jack + more
90%
E106even, eyes, ever + more
88%
R185room, read, rest + more
87%
S362said, such, same + more
87%
T254that, this, they + more
86%
K130know, king, knew + more
83%
O112only, over, once + more
83%
I59into, idea, iron + more
78%
W168with, were, will + more
78%
V75very, view, vain + more
70%
Q15quit, quiz, quay + more
62%
Y74your, year, yard + more
62%
Z35zeal, zone, zero + more
56%
U40upon, used, unto + more
54%
X1xyst
5%

Score Distribution

Percentile by Number Answered

Percent of People with Each Score

Your Score History

You have not taken this quiz